Piosenki Szpaku - nagła śmierć - Statystyki

Ogólne statystyki
  • Ten quiz został rozwiązany 122 razy
  • Średni wynik to 10 z 15
Answers on the Grid
Answers color-coded by a green-red scale on the quiz's grid according to % correct below.
Nietoperze
Czerwone Słońce
Różowa Pantera
Klasyczny Trap
BAJKA
Szaman
Kontrola Jakości
Cud
Dolce Vita
Plecak
Crazy Frog
Nemo
Disney
Więź
Bez strachu
Hinata
anyżowe żelki
Dym
Kochaj mnie
Cardio
Plaster
Dom
Casablanca
Totoro
Nóż motylkowy
Czarna Perła
Biały świat
Pokolorowana
Palenie zabija
Narcyz
 
Statystyki odpowiedzi
Odpowiedź % Poprawnych
BAJKA
77%
Różowa Pantera
77%
Plaster
76%
Nietoperze
70%
Hinata
69%
Pokolorowana
66%
Crazy Frog
63%
Nemo
63%
Kontrola Jakości
61%
Totoro
61%
Więź
59%
Dolce Vita
58%
Kochaj mnie
58%
Czarna Perła
56%
Dom
51%
Nie znaleziono quizów pasujących do podanych kryteriów
Rozkład punktacji
Procent ludzi z każdym wynikiem
Percentyl według liczby udzielonych odpowiedzi
Twoja historia wyników
Nie rozwiązałeś tego quizu